[Event "56th World U20 ch"]
[Site "Tarvisio ITA"]
[Date "2017.11.14"]
[Round "2.63"]
[White "Chen, Richard"]
[Black "Terryn, Ezra"]
[Result "1/2-1/2"]
[WhiteElo "2309"]
[BlackElo "1987"]
[EventDate "2017.11.13"]
[PlyCount "98"]

1.e4 c5 2.Nf3 e6 3.d4 cxd4 4.Nxd4 Nc6 5.Nc3 Qc7 6.Be3 a6 7.Qf3 Nf6 8.O-O-O
Be7 9.Be2 d6 10.Qg3 O-O 11.f4 Nd7 12.f5 Nde5 13.Rhf1 Bf6 14.Bg5 Bxg5+ 15.
Qxg5 f6 16.Qd2 Nxd4 17.Qxd4 Rd8 18.g4 b5 19.Rg1 Rb8 20.Rd2 Qb6 21.Rgd1 
Qxd4 22.Rxd4 Rb6 23.a4 bxa4 24.Nxa4 Rc6 25.c4 Kf8 26.b4 Ke7 27.Kb2 g6 28.
fxg6 hxg6 29.c5 Nf7 30.h4 dxc5 31.Rxd8 Nxd8 32.bxc5 Nb7 33.Rc1 Bd7 34.Ka3 
a5 35.Bb5 Rc7 36.Bxd7 Kxd7 37.h5 Kc6 38.Rb1 Re7 39.Rb6+ Kc7 40.Ra6 gxh5 
41.gxh5 Re8 42.h6 Rh8 43.Rxe6 Rxh6 44.Kb3 Nd8 45.Ra6 Nc6 46.Nc3 f5 47.Nd5+
Kd7 48.Nb6+ Kc7 49.Nd5+ Kd7 1/2-1/2

[Event "56th World U20 ch"]
[Site "Tarvisio ITA"]
[Date "2017.11.14"]
[Round "2.64"]
[White "Song Yuxin"]
[Black "Sukovic, Andrej"]
[Result "0-1"]
[WhiteElo "1951"]
[BlackElo "2306"]
[EventDate "2017.11.13"]
[PlyCount "122"]

1.e4 c5 2.Nf3 d6 3.Bb5+ Nd7 4.d4 cxd4 5.Qxd4 e5 6.Qd3 Be7 7.O-O h6 8.c4 
Nf6 9.Nc3 O-O 10.Bxd7 Qxd7 11.h3 b6 12.b3 Qb7 13.Ba3 Rd8 14.Rfe1 a6 15.Bb4
Be6 16.Rad1 Rab8 17.a4 Bf8 18.Nh2 Bd7 19.Nf1 Bc6 20.Kh2 Rd7 21.f3 d5 22.
Bxf8 dxe4 23.Qe3 Rxd1 24.Rxd1 Rxf8 25.fxe4 Bxe4 26.Nxe4 Nxe4 27.Rd5 f5 28.
Ng3 Nxg3 29.Qxg3 e4 30.Qd6 Rf6 31.Qe5 Qf7 32.b4 Re6 33.Qxf5 Qxf5 34.Rxf5 
e3 35.Rf1 Re4 36.c5 bxc5 37.bxc5 e2 38.Re1 Kf7 39.Kg3 Ke6 40.Kf3 Re5 41.g4
g5 42.Kf2 Kd7 43.Rxe2 Rxe2+ 44.Kxe2 Kc6 45.Ke3 Kxc5 46.Ke4 Kb4 47.Kf5 Kxa4
48.Kg6 Kb5 49.Kxh6 a5 50.Kxg5 a4 51.h4 a3 52.h5 a2 53.h6 a1=Q 54.Kg6 Kc6 
55.g5 Kd7 56.Kh7 Ke7 57.g6 Qb1 58.Kg7 Qf5 59.Kh7 Kf8 60.Kh8 Qxg6 61.h7 
Qg7# 0-1

[Event "56th World U20 ch"]
[Site "Tarvisio ITA"]
[Date "2017.11.14"]
[Round "2.65"]
[White "Ioannidis, Evgenios"]
[Black "Donati, Michele"]
[Result "1-0"]
[WhiteElo "2302"]
[BlackElo "1978"]
[EventDate "2017.11.13"]
[PlyCount "77"]

1.e4 c5 2.Nf3 e6 3.d4 cxd4 4.Nxd4 a6 5.Bd3 Bc5 6.Nb3 Be7 7.O-O d6 8.f4 Nd7
9.a4 b6 10.Qe2 Qc7 11.Be3 Bb7 12.c4 Ngf6 13.Nc3 O-O 14.a5 Rac8 15.axb6 
Nxb6 16.Na5 Ba8 17.Rfe1 Nbd7 18.b4 Qd8 19.Bf2 Rb8 20.Rab1 g6 21.Qa2 Nh5 
22.Be3 Re8 23.Be2 Nhf6 24.Bf3 Bf8 25.b5 axb5 26.cxb5 d5 27.Nc6 Bxc6 28.
bxc6 Rxb1 29.Qxb1 Nc5 30.e5 d4 31.Rd1 Qa5 32.Bxd4 Nh5 33.Bxh5 gxh5 34.Qb5 
Qa3 35.Nb1 Qb3 36.Qxb3 Nxb3 37.Bb6 Rc8 38.c7 Bc5+ 39.Bxc5 1-0

[Event "56th World U20 ch"]
[Site "Tarvisio ITA"]
[Date "2017.11.14"]
[Round "2.66"]
[White "Holtman, Teodor"]
[Black "Cappelletto, Joshuaede"]
[Result "1-0"]
[WhiteElo "2296"]
[BlackElo "1920"]
[EventDate "2017.11.13"]
[PlyCount "65"]

1.e4 g6 2.d4 Bg7 3.Nc3 d6 4.Nf3 Nd7 5.Be2 Ngf6 6.O-O O-O 7.e5 Ne8 8.e6 
fxe6 9.Ng5 Ndf6 10.Bc4 d5 11.Bd3 Nd6 12.Re1 Nfe4 13.Ncxe4 dxe4 14.Bf1 Nf5 
15.c3 e5 16.Bc4+ Kh8 17.Nf7+ Rxf7 18.Bxf7 e6 19.d5 exd5 20.Qxd5 Qe7 21.Qb3
Nd6 22.Bd5 Bf5 23.Be3 Rf8 24.Bc5 b6 25.Bxd6 Qxd6 26.Bxe4 Bxe4 27.Rxe4 Qd2 
28.Rf1 Rf5 29.Qb5 c5 30.Qe2 Qd5 31.Rd1 Qxa2 32.Rd8+ Bf8 33.g4 1-0

[Event "56th World U20 ch"]
[Site "Tarvisio ITA"]
[Date "2017.11.14"]
[Round "2.67"]
[White "Willathgamuwa, Rowan"]
[Black "Urbanc, Peter"]
[Result "0-1"]
[WhiteElo "1907"]
[BlackElo "2290"]
[EventDate "2017.11.13"]
[PlyCount "78"]

1.Nf3 d5 2.g3 c5 3.Bg2 Nf6 4.c4 d4 5.d3 Nc6 6.O-O e5 7.e3 Bd6 8.exd4 cxd4 
9.Re1 O-O 10.Bg5 h6 11.Bxf6 Qxf6 12.Nbd2 Qe7 13.Nxe5 Bxe5 14.f4 Qb4 15.
fxe5 Qxb2 16.Bxc6 bxc6 17.Nb3 Bh3 18.Qf3 Bd7 19.Re2 Qa3 20.Nxd4 Rad8 21.
Nb3 Be6 22.Rc1 Rd7 23.d4 Rxd4 24.Qxc6 Rc8 25.Qb7 Rcxc4 26.Rxc4 Rxc4 27.Rd2
Kh7 28.Rc2 Rxc2 29.Qe4+ g6 30.Qxc2 Qb4 31.Qf2 a5 32.Nd4 Qb1+ 33.Kg2 Qe4+ 
34.Nf3 Bd5 35.h3 h5 36.g4 Qf4 37.Qg3 Qe3 38.gxh5 Qe2+ 39.Qf2 Bxf3+ 0-1

[Event "56th World U20 ch"]
[Site "Tarvisio ITA"]
[Date "2017.11.14"]
[Round "2.68"]
[White "Lin Zhaochen"]
[Black "Silva, David"]
[Result "0-1"]
[WhiteElo "1852"]
[BlackElo "2285"]
[EventDate "2017.11.13"]
[PlyCount "68"]

1.e4 g6 2.d4 Nf6 3.Nc3 d6 4.Bg5 Nbd7 5.Bc4 Bg7 6.Qd2 c6 7.a4 Qa5 8.Nge2 b5
9.Bd3 b4 10.Nd1 Rb8 11.f3 c5 12.Be3 O-O 13.O-O cxd4 14.Bxd4 e5 15.Bf2 Nc5 
16.Ne3 Qc7 17.b3 Nxd3 18.Qxd3 Be6 19.Rfd1 Rfd8 20.Bh4 Rd7 21.Bxf6 Bxf6 22.
Nd5 Bxd5 23.Qxd5 Qxc2 24.Rd2 Qc7 25.Rc1 Qd8 26.Rc6 Be7 27.Rdc2 Bg5 28.Kf2 
Bh6 29.R2c4 Qh4+ 30.g3 Qxh2+ 31.Ke1 Be3 32.Kd1 Qh1+ 33.Kc2 Qxf3 34.Qd3 d5 
0-1

[Event "56th World U20 ch"]
[Site "Tarvisio ITA"]
[Date "2017.11.14"]
[Round "2.69"]
[White "Tahay, Alexis"]
[Black "Valente, Joao Nuno Baptista"]
[Result "1-0"]
[WhiteElo "2285"]
[BlackElo "1897"]
[EventDate "2017.11.13"]
[PlyCount "33"]

1.e4 c5 2.Nf3 Nc6 3.Bb5 g6 4.O-O Bg7 5.Bxc6 dxc6 6.h3 e5 7.d3 Qe7 8.Nbd2 
Nf6 9.Nc4 Nh5 10.a3 O-O 11.Bg5 f6 12.Bd2 Nf4 13.b4 Be6 14.Na5 b6 15.Nxc6 
Qc7 16.b5 Bd7 17.Bxf4 1-0

[Event "56th World U20 ch"]
[Site "Tarvisio ITA"]
[Date "2017.11.14"]
[Round "2.70"]
[White "Gomez Barrera, Gonzalo Andres"]
[Black "Micottis, Dorian"]
[Result "1/2-1/2"]
[WhiteElo "1741"]
[BlackElo "2273"]
[EventDate "2017.11.13"]
[PlyCount "102"]

1.e4 c5 2.Nf3 e6 3.d4 cxd4 4.Nxd4 a6 5.Bd3 Nf6 6.c4 Nc6 7.Nc2 Qc7 8.O-O 
Ne5 9.b3 Neg4 10.g3 Bc5 11.Qe2 h5 12.Bf4 d6 13.b4 Ba7 14.h3 Ne5 15.Bxe5 
dxe5 16.Nd2 b6 17.Nf3 Bb7 18.Rac1 O-O 19.Rfd1 Rfd8 20.Na1 Rd7 21.Nb3 Rad8 
22.Ng5 a5 23.a3 Bc6 24.b5 Bb7 25.a4 Rc8 26.Rc3 Qd8 27.Rdc1 Bb8 28.c5 bxc5 
29.Bc4 Rd6 30.Rd3 Rxd3 31.Qxd3 Qb6 32.Qc3 Nxe4 33.Nxe4 Bxe4 34.Qxa5 Qb7 
35.Qe1 Bh1 36.Bf1 Bd6 37.Na5 Qa8 38.Nc4 Bc7 39.b6 Bb8 40.a5 Bd5 41.a6 Qxa6
42.Nd6 c4 43.Nxc8 Qxc8 44.Qb4 e4 45.Qc3 h4 46.Bxc4 Bb7 47.Be2 Qd8 48.Qe3 
hxg3 49.fxg3 Qe7 50.Bb5 Qd6 51.Be2 Qe7 1/2-1/2

[Event "56th World U20 ch"]
[Site "Tarvisio ITA"]
[Date "2017.11.14"]
[Round "2.71"]
[White "Favaloro, Andrea"]
[Black "Chinguun, Bayaraa"]
[Result "1/2-1/2"]
[WhiteElo "2260"]
[BlackElo "1820"]
[EventDate "2017.11.13"]
[PlyCount "87"]

1.d4 Nf6 2.Bg5 e6 3.Nd2 d5 4.e3 c5 5.c3 Be7 6.Ngf3 Nbd7 7.Bd3 b6 8.O-O Bb7
9.Ne5 h6 10.Bh4 Nxe5 11.dxe5 Nd7 12.Bg3 a6 13.Qh5 Nf8 14.f4 g6 15.Qe2 b5 
16.a4 c4 17.Bc2 Nd7 18.Nf3 b4 19.cxb4 Bxb4 20.Nd4 Qb6 21.Be1 Bc5 22.a5 Qc7
23.Bc3 Nb8 24.Qg4 Qe7 25.Ba4+ Kf8 26.Qf3 Qc7 27.g4 Nd7 28.Bc2 Ke7 29.Qg3 
Rag8 30.h3 h5 31.g5 Rc8 32.Qe1 Nb8 33.Bb4 Rhg8 34.h4 Kf8 35.Qc3 Kg7 36.
Bxc5 Qxc5 37.Ba4 Rgd8 38.Rfc1 Qc7 39.Rab1 Bc6 40.Bd1 Bb5 41.Be2 Nc6 42.Bf1
Qe7 43.Ra1 Nxd4 44.exd4 1/2-1/2

[Event "56th World U20 ch"]
[Site "Tarvisio ITA"]
[Date "2017.11.14"]
[Round "2.72"]
[White "Posocco, Dennis"]
[Black "Milosevic, Milos"]
[Result "0-1"]
[WhiteElo "1564"]
[BlackElo "2249"]
[EventDate "2017.11.13"]
[PlyCount "70"]

1.e4 c5 2.Nf3 d6 3.d4 cxd4 4.Nxd4 Nf6 5.Nc3 a6 6.a4 e5 7.Nf3 Qc7 8.Bg5 
Nbd7 9.Qd2 Be7 10.Rd1 O-O 11.Nd5 Nxd5 12.exd5 Nf6 13.Bxf6 Bxf6 14.Be2 e4 
15.Nd4 Qe7 16.O-O Bd7 17.Qb4 Rab8 18.a5 Be5 19.f4 exf3 20.Bxf3 Qh4 21.g3 
Qg5 22.Rf2 h5 23.Qd2 Qxd2 24.Rfxd2 g6 25.c3 Rbc8 26.Bg2 Rc5 27.Ra1 Re8 28.
Kf2 Bf6 29.h4 Bg4 30.Ra3 g5 31.b4 Rcc8 32.Bf3 gxh4 33.Bxg4 hxg4 34.Nf5 
Bxc3 35.Rc2 Be1+ 0-1

[Event "56th World U20 ch"]
[Site "Tarvisio ITA"]
[Date "2017.11.14"]
[Round "2.73"]
[White "Peng Hongchi"]
[Black "Chan Sheng Liang, Bernard"]
[Result "1-0"]
[WhiteElo "2223"]
[BlackElo "1698"]
[EventDate "2017.11.13"]
[PlyCount "69"]

1.d4 Nf6 2.c4 e6 3.Nc3 d5 4.Nf3 c6 5.e3 Bd6 6.Qc2 Nbd7 7.g4 Nxg4 8.Rg1 
Nxh2 9.Nxh2 Bxh2 10.Rxg7 Qf6 11.Rg2 Bc7 12.cxd5 exd5 13.Nxd5 Ba5+ 14.Nc3 
Nf8 15.Qa4 Bxc3+ 16.bxc3 Bh3 17.Rg1 Bxf1 18.Rxf1 Qf5 19.Ba3 Nd7 20.Qb3 b5 
21.c4 Rb8 22.Rc1 Rg8 23.cxb5 Rxb5 24.Qa4 Rg6 25.Qa6 Kd8 26.Qa4 Re6 27.Rg1 
Rf6 28.Rg2 a5 29.Qc4 Rh6 30.Ke2 Rb1 31.Qa6 Kc7 32.Rg5 Qxg5 33.Rxb1 Qg4+ 
34.Kd2 Nb8 35.Qa7+ 1-0

[Event "56th World U20 ch"]
[Site "Tarvisio ITA"]
[Date "2017.11.14"]
[Round "2.74"]
[White "Araya Pozo, Francisco Javier"]
[Black "Taalaibekov, Tagir"]
[Result "0-1"]
[WhiteElo "1416"]
[BlackElo "2219"]
[EventDate "2017.11.13"]
[PlyCount "52"]

1.Nf3 Nf6 2.g3 d5 3.Bg2 c6 4.d4 Bg4 5.Nbd2 e6 6.c3 Nbd7 7.Qb3 Qc7 8.Nf1 
Bd6 9.Ne3 Bh5 10.O-O O-O 11.c4 Ne4 12.c5 Be7 13.Re1 b6 14.cxb6 axb6 15.Nd2
Nd6 16.Qd1 c5 17.Nf3 Bf6 18.Nc2 Ra4 19.b3 Ra7 20.Bb2 Rfa8 21.a3 c4 22.bxc4
Nxc4 23.Ra2 Nxb2 24.Rxb2 Qc3 25.Qc1 Rc8 26.Rb1 Qxc2 0-1

[Event "56th World U20 ch"]
[Site "Tarvisio ITA"]
[Date "2017.11.15"]
[Round "3.1"]
[White "Moroni, Luca jr"]
[Black "Narayanan, Sunilduth Lyna"]
[Result "1/2-1/2"]
[WhiteElo "2506"]
[BlackElo "2585"]
[EventDate "2017.11.13"]
[PlyCount "119"]

1.c4 e5 2.Nc3 Nc6 3.Nf3 Nf6 4.e3 Bb4 5.Qc2 Bxc3 6.bxc3 O-O 7.e4 d6 8.g3 
Ne7 9.Bg2 Ng6 10.O-O h6 11.Rb1 Bd7 12.Ne1 Qc8 13.d3 Rb8 14.f4 exf4 15.gxf4
c5 16.f5 Ne5 17.Bf4 b5 18.cxb5 Rxb5 19.Rxb5 Bxb5 20.c4 Bc6 21.Qc3 Re8 22.
Nf3 Qc7 23.Qa3 Nfd7 24.Nxe5 dxe5 25.Be3 Qd6 26.f6 Nxf6 27.Bxc5 Qd7 28.h3 
Ba4 29.Rf5 Re6 30.Qc3 Qc7 31.Be3 Nd7 32.Qa3 Qa5 33.Kh2 Qa6 34.Rf2 Bd1 35.
Qxa6 Rxa6 36.Rb2 Kf8 37.d4 exd4 38.Bxd4 f6 39.Kg1 Ke8 40.c5 Ba4 41.Bf1 Ra5
42.Rg2 g5 43.Rf2 Bc6 44.Bxf6 Nxc5 45.Rf5 Bxe4 46.Re5+ Kd7 47.Be7 Bd5 48.a4
a6 49.Bxc5 Rxc5 50.Bxa6 Kd6 51.Re8 h5 52.Be2 Bc6 53.Rd8+ Kc7 54.Rd4 Rc3 
55.Rd3 Rxd3 56.Bxd3 Bxa4 57.h4 gxh4 58.Bg6 h3 59.Bxh5 h2+ 60.Kxh2 1/2-1/2

[Event "56th World U20 ch"]
[Site "Tarvisio ITA"]
[Date "2017.11.15"]
[Round "3.2"]
[White "Lomasov, Semen"]
[Black "Karthikeyan, Murali"]
[Result "1/2-1/2"]
[WhiteElo "2490"]
[BlackElo "2578"]
[EventDate "2017.11.13"]
[PlyCount "68"]

1.e4 e5 2.Nf3 Nc6 3.d4 exd4 4.Nxd4 Nf6 5.Nxc6 bxc6 6.e5 Qe7 7.Qe2 Nd5 8.h4
d6 9.c4 Nb6 10.exd6 Qxe2+ 11.Bxe2 cxd6 12.Nc3 Be6 13.Bf3 Rc8 14.b3 d5 15.
cxd5 Nxd5 16.Bd2 Ba3 17.Rd1 O-O 18.O-O Rfd8 19.Bxd5 cxd5 20.Nb5 Bc5 21.Be3
a6 22.Nd4 h6 23.Rc1 Ba3 24.Rxc8 Rxc8 25.f3 Rc3 26.Kf2 Bc5 27.Rd1 a5 28.Ke2
Be7 29.Bd2 Rc5 30.g3 Bf6 31.Be3 Bc8 32.Kd2 a4 33.Rc1 Rxc1 34.Kxc1 Bxd4 
1/2-1/2

[Event "56th World U20 ch"]
[Site "Tarvisio ITA"]
[Date "2017.11.15"]
[Round "3.3"]
[White "Sorokin, Alexei"]
[Black "Pichot, Alan"]
[Result "1-0"]
[WhiteElo "2483"]
[BlackElo "2568"]
[EventDate "2017.11.13"]
[PlyCount "71"]

1.d4 Nf6 2.c4 e6 3.g3 Bb4+ 4.Nd2 O-O 5.Bg2 d5 6.Nf3 b6 7.O-O Bb7 8.cxd5 
exd5 9.Qb3 Bd6 10.Nb1 Re8 11.Nc3 h6 12.Bf4 Bxf4 13.gxf4 Nc6 14.Rfd1 Ne7 
15.Rac1 Ng6 16.e3 a6 17.Rd2 Qc8 18.Ne2 Ne4 19.Rdc2 Re7 20.Ng3 Nf6 21.f5 
Nf8 22.Ne5 a5 23.Nc6 Rd7 24.Qa3 Bxc6 25.Rxc6 Qe8 26.Rxc7 Rxc7 27.Rxc7 Rc8 
28.Rxc8 Qxc8 29.Qc3 Qd7 30.Qc2 Qd6 31.Ne2 N8h7 32.Qc8+ Nf8 33.Nf4 Qb4 34.
Qc3 Qa4 35.Qb3 Qc6 36.Bxd5 1-0

[Event "56th World U20 ch"]
[Site "Tarvisio ITA"]
[Date "2017.11.15"]
[Round "3.4"]
[White "Alexeenko, Kiril"]
[Black "Basso, Pierluigi"]
[Result "1-0"]
[WhiteElo "2563"]
[BlackElo "2470"]
[EventDate "2017.11.13"]
[PlyCount "107"]

1.e4 c6 2.d4 d5 3.e5 Bf5 4.Nf3 e6 5.Be2 c5 6.Be3 cxd4 7.Nxd4 Ne7 8.O-O 
Nbc6 9.Bb5 a6 10.Bxc6+ Nxc6 11.Nxf5 exf5 12.f4 Qa5 13.Nd2 Bc5 14.Bf2 Rd8 
15.Nb3 Bxf2+ 16.Rxf2 Qb6 17.Qh5 O-O 18.Qxf5 a5 19.a4 f6 20.e6 Rfe8 21.Rd1 
Rd6 22.g3 Ne7 23.Qd3 Rxe6 24.Kg2 Re3 25.Qd2 Kh8 26.Qd4 Qxd4 27.Rxd4 Nf5 
28.Rxd5 Rxb3 29.Rxf5 Rxb2 30.Rxa5 Rc8 31.c4 Rb4 32.c5 h6 33.Rd2 Rc4 34.Rd5
Rc2+ 35.Kh3 Kh7 36.Rd7 R8xc5 37.Rxc5 Rxc5 38.Rxb7 Rc2 39.a5 Ra2 40.Rb5 Kg6
41.g4 Ra3+ 42.Kg2 Kf7 43.f5 Ke7 44.Rd5 Kf7 45.h4 h5 46.gxh5 Ke7 47.Kf2 Rh3
48.Ke2 Rxh4 49.Kd3 Rxh5 50.Kc4 Rh6 51.a6 g6 52.a7 Rh8 53.fxg6 Ra8 54.g7 
1-0

[Event "56th World U20 ch"]
[Site "Tarvisio ITA"]
[Date "2017.11.15"]
[Round "3.6"]
[White "Kobo, Ori"]
[Black "Petrosian, Manuel"]
[Result "1-0"]
[WhiteElo "2460"]
[BlackElo "2554"]
[EventDate "2017.11.13"]
[PlyCount "165"]

1.Nf3 Nf6 2.c4 e6 3.g3 d5 4.Bg2 dxc4 5.O-O Nbd7 6.Qc2 a6 7.a4 Bd6 8.Na3 
Bxa3 9.Rxa3 Rb8 10.Qxc4 b5 11.axb5 axb5 12.Qc2 Bb7 13.d3 O-O 14.b4 Qe7 15.
Bd2 Rfc8 16.Ra5 c5 17.bxc5 Rxc5 18.Qb2 Bxf3 19.Bxf3 b4 20.Rxc5 Qxc5 21.Rc1
Qd6 22.Rc6 Qe5 23.Qb3 Nd5 24.Kg2 h6 25.Bc1 Ne7 26.Rc4 Qd6 27.Bf4 e5 28.Bd2
Nd5 29.e4 Nc3 30.Bxc3 bxc3 31.Qxc3 Rd8 32.Rc6 Qe7 33.h4 Nf6 34.Be2 Rd4 35.
Rc7 Rd7 36.Rc5 Rd4 37.Rc8+ Kh7 38.h5 Ne8 39.Qc6 Rd8 40.Bg4 Rxc8 41.Bf5+ g6
42.hxg6+ Kg7 43.Bxc8 fxg6 44.Ba6 h5 45.Kf1 Nf6 46.Bc4 g5 47.Qc8 h4 48.Qf5 
Nh7 49.gxh4 gxh4 50.Be6 Qf6 51.Qg4+ Qg5 52.Qd1 Qf4 53.Bf5 Nf6 54.Ke2 Kh6 
55.Qb3 Qg5 56.Qe6 Qh5+ 57.Ke1 Qg5 58.Ke2 Qh5+ 59.Kd2 Kg5 60.Qxe5 Qf3 61.
Qc5 Ng4 62.Bd7+ Kh6 63.Qb6+ Kg5 64.Qc5+ Kh6 65.Qd6+ Nf6 66.Ke1 Kg5 67.Qe5+
Kh6 68.Bf5 Kg5 69.Bh3+ Kh6 70.Qe6 Kg5 71.Qe5+ Kh6 72.Qe6 Kg5 73.e5 Nd5 74.
Qg8+ Kh6 75.Qh8+ Kg6 76.Qg8+ Kh6 77.Bg2 Qxd3 78.Qxd5 Qb1+ 79.Qd1 Qb5 80.
Qd2+ Kg7 81.Qg5+ Kf8 82.Qd8+ Kg7 83.Qc7+ 1-0

[Event "56th World U20 ch"]
[Site "Tarvisio ITA"]
[Date "2017.11.15"]
[Round "3.7"]
[White "Xu Xiangyu"]
[Black "Begmuratov, Alisher"]
[Result "1/2-1/2"]
[WhiteElo "2543"]
[BlackElo "2401"]
[EventDate "2017.11.13"]
[PlyCount "84"]

1.Nf3 c5 2.e4 Nc6 3.Nc3 e5 4.Bc4 Be7 5.d3 Nf6 6.Bg5 d6 7.a4 O-O 8.Bxf6 
Bxf6 9.Nd5 Kh8 10.c3 Bg5 11.a5 Rb8 12.Qa4 Bd7 13.Nxg5 Qxg5 14.Ne3 Qd8 15.
O-O f5 16.exf5 Nd4 17.Qa2 Nxf5 18.Nxf5 Rxf5 19.Be6 Rf6 20.Bd5 Qc7 21.b4 
cxb4 22.cxb4 Bb5 23.Rac1 Qd7 24.Be4 Rd8 25.Rfe1 h6 26.d4 exd4 27.Qd5 d3 
28.Bxd3 Bc6 29.Qh5 a6 30.Re2 Rdf8 31.f3 g5 32.h4 gxh4 33.Rc4 h3 34.Rg4 
hxg2 35.Rg3 Qf7 36.Qh4 Qd5 37.Rexg2 Bb5 38.Be4 Qd4+ 39.Kh1 d5 40.Rg6 Rxg6 
41.Rxg6 Qa1+ 42.Kh2 Qb2+ 1/2-1/2

[Event "56th World U20 ch"]
[Site "Tarvisio ITA"]
[Date "2017.11.15"]
[Round "3.8"]
[White "Harsha, Bharathakoti"]
[Black "Tran Tuan Minh"]
[Result "1-0"]
[WhiteElo "2445"]
[BlackElo "2538"]
[EventDate "2017.11.13"]
[PlyCount "110"]

1.d4 Nf6 2.c4 e6 3.Nf3 b6 4.a3 Ba6 5.Qc2 c5 6.e4 d5 7.cxd5 Bxf1 8.Kxf1 
exd5 9.e5 Ne4 10.Nc3 Nxc3 11.bxc3 Be7 12.h4 Nc6 13.Be3 Rc8 14.Qd3 Qd7 15.
Rh3 cxd4 16.cxd4 Nd8 17.Kg1 Ne6 18.h5 Qa4 19.Rg3 Qc2 20.Qb5+ Qc6 21.Qd3 
Qc2 22.Qa6 O-O 23.Rc1 Qxc1+ 24.Bxc1 Rxc1+ 25.Kh2 Rc7 26.Rg4 Rd8 27.Ng1 
Rdd7 28.Qd3 Rc4 29.Ne2 h6 30.Ng3 Bg5 31.Nf5 Rdc7 32.Qf3 Rc2 33.Ne3 Rd2 34.
Nxd5 Rd7 35.Nc3 Nxd4 36.Qa8+ Rd8 37.Qxa7 Rxf2 38.Ne4 Rf4 39.Rxf4 Bxf4+ 40.
g3 Bxe5 41.Qxb6 Ra8 42.Qc5 Kh7 43.Nd6 f6 44.Nc4 Nf3+ 45.Kg2 Ng5 46.Nxe5 
fxe5 47.Qb4 Ne6 48.Kf3 Kh8 49.Ke3 Kh7 50.Kd3 Kh8 51.Qe7 Rd8+ 52.Ke3 Ra8 
53.a4 Ng5 54.a5 Kh7 55.Qxe5 Kh8 1-0

[Event "56th World U20 ch"]
[Site "Tarvisio ITA"]
[Date "2017.11.15"]
[Round "3.9"]
[White "Yuffa, Daniil"]
[Black "Makhnev, Denis"]
[Result "1/2-1/2"]
[WhiteElo "2527"]
[BlackElo "2379"]
[EventDate "2017.11.13"]
[PlyCount "62"]

1.d4 d5 2.c4 dxc4 3.e3 e5 4.Bxc4 exd4 5.exd4 Bd6 6.Nf3 Nf6 7.Qe2+ Qe7 8.
Qxe7+ Bxe7 9.O-O O-O 10.Nc3 a6 11.Re1 Bd6 12.Bg5 Nbd7 13.Ne5 b5 14.Bb3 Bb7
15.a4 bxa4 16.Bxa4 Nb6 17.Bxf6 gxf6 18.Ng4 Nxa4 19.Nxa4 Kg7 20.Ne3 Kg6 21.
Nc5 Rfb8 22.Nxb7 Rxb7 23.Nc4 Rb4 24.Rec1 Bf4 25.Rc3 Rd8 26.g3 Rxd4 27.b3 
Be5 28.Nxe5+ fxe5 29.Rxa6+ Rd6 30.Ra5 f6 31.Kg2 c6 1/2-1/2

[Event "56th World U20 ch"]
[Site "Tarvisio ITA"]
[Date "2017.11.15"]
[Round "3.10"]
[White "Lobanov, Sergei"]
[Black "Praggnanandhaa, R."]
[Result "1/2-1/2"]
[WhiteElo "2435"]
[BlackElo "2509"]
[EventDate "2017.11.13"]
[PlyCount "65"]

1.e4 e5 2.Nf3 Nc6 3.Bb5 a6 4.Ba4 d6 5.c3 Bd7 6.d4 g6 7.O-O Bg7 8.d5 Nce7 
9.Bxd7+ Qxd7 10.c4 h6 11.Nc3 f5 12.Qb3 b6 13.a4 a5 14.exf5 gxf5 15.Nb5 Nf6
16.Nh4 O-O 17.Qh3 Ne4 18.f4 c6 19.dxc6 Qxc6 20.Be3 Qxc4 21.fxe5 dxe5 22.
Nxf5 Nxf5 23.Rxf5 Rxf5 24.Qxf5 Rf8 25.Qh5 Rf6 26.Qd1 Kh7 27.Rc1 Qb4 28.Qd3
Rg6 29.Qc4 Bf8 30.Qf7+ Bg7 31.Qc4 Bf8 32.Qf7+ Bg7 33.Qc4 1/2-1/2

[Event "56th World U20 ch"]
[Site "Tarvisio ITA"]
[Date "2017.11.15"]
[Round "3.11"]
[White "Haria, Ravi"]
[Black "Triapishko, Alexander"]
[Result "1/2-1/2"]
[WhiteElo "2364"]
[BlackElo "2508"]
[EventDate "2017.11.13"]
[PlyCount "164"]

1.Nf3 d5 2.g3 Bg4 3.Bg2 Nd7 4.h3 Bxf3 5.Bxf3 c6 6.d3 Ngf6 7.Nd2 g6 8.O-O 
Bg7 9.Bg2 O-O 10.e4 a5 11.a4 e5 12.exd5 Nxd5 13.Re1 Re8 14.Nc4 N7b6 15.
Nxb6 Qxb6 16.Ra3 Rad8 17.Rb3 Qc7 18.Bd2 Bf8 19.Re2 Nb4 20.Bc3 f5 21.Qe1 
Qf7 22.Ra3 Bd6 23.Ra1 h5 24.h4 Rd7 25.Qd2 Kh7 26.Rae1 Rde7 27.Qd1 Re6 28.
Bxb4 Bxb4 29.c3 Bd6 30.Qb3 Qc7 31.Qc4 R6e7 32.Kh1 Qb6 33.b3 Kg7 34.Re3 Rf8
35.d4 e4 36.R3e2 Qc7 37.Re3 f4 38.Rxe4 Rxe4 39.Rxe4 fxg3 40.fxg3 Bxg3 41.
d5 Kh7 42.Qe2 Rf7 43.dxc6 bxc6 44.Bf3 Bxh4 45.Rxh4 Qg3 46.Qe4 Qxf3+ 47.
Qxf3 Rxf3 48.Rc4 Rf1+ 49.Kg2 Rb1 50.b4 axb4 51.cxb4 Ra1 52.a5 Ra4 53.Rxc6 
Rxb4 54.a6 Ra4 55.Rc7+ Kh6 56.a7 Ra3 57.Rb7 h4 58.Kf2 g5 59.Rc7 Kg6 60.Rb7
Kf5 61.Rb5+ Kg4 62.Rb4+ Kh5 63.Rb7 Ra4 64.Kg2 Ra1 65.Rc7 Ra2+ 66.Kf3 Ra3+ 
67.Kf2 Ra2+ 68.Kf3 Ra4 69.Kg2 Ra3 70.Kf2 g4 71.Rc5+ Kg6 72.Rc6+ Kf5 73.
Rc5+ Kf6 74.Rc4 Kf5 75.Rc5+ Kf4 76.Rc4+ Kg5 77.Rc5+ Kf6 78.Rc4 g3+ 79.Kg2 
Ra2+ 80.Kh3 Kf5 81.Rxh4 g2 82.Kh2 Rxa7 1/2-1/2

[Event "56th World U20 ch"]
[Site "Tarvisio ITA"]
[Date "2017.11.15"]
[Round "3.12"]
[White "Van Foreest, Jorden"]
[Black "Bilguun, Sumiya"]
[Result "1-0"]
[WhiteElo "2616"]
[BlackElo "2460"]
[EventDate "2017.11.13"]
[PlyCount "109"]

1.e4 c5 2.Nf3 e6 3.d4 cxd4 4.Nxd4 a6 5.c4 Nf6 6.Nc3 Qc7 7.a3 b6 8.Be3 Bb7 
9.f3 d6 10.Be2 Nbd7 11.O-O Be7 12.Rc1 O-O 13.Qe1 Rfc8 14.g4 h6 15.h4 Nh7 
16.Qg3 Qd8 17.Rcd1 Ndf8 18.g5 hxg5 19.hxg5 Bxg5 20.f4 Bh6 21.e5 g6 22.Nb3 
Nd7 23.Rxd6 Bf8 24.Bxb6 Qe8 25.Bd4 Rab8 26.Na5 Bxd6 27.exd6 Qf8 28.Nxb7 
Rxb7 29.Ne4 a5 30.c5 Rbb8 31.Rf2 Nxc5 32.Bxc5 Rxc5 33.Nxc5 Qxd6 34.Ne4 Qb6
35.Bf1 Rc8 36.Kh2 Kg7 37.Bg2 Qd4 38.Rd2 Qa7 39.Qf2 Qc7 40.Qd4+ Kg8 41.Kg3 
Rb8 42.Qc5 Rb3+ 43.Bf3 Qxc5 44.Nxc5 Rb5 45.Ne4 g5 46.fxg5 Nxg5 47.Nxg5 
Rxg5+ 48.Kf4 Rf5+ 49.Ke3 Kg7 50.b4 axb4 51.axb4 Kf6 52.Bc6 Rf1 53.b5 Rb1 
54.Kd4 Re1 55.Rb2 1-0

[Event "56th World U20 ch"]
[Site "Tarvisio ITA"]
[Date "2017.11.15"]
[Round "3.13"]
[White "Kevlishvili, Robby"]
[Black "Oparin, Grigory"]
[Result "0-1"]
[WhiteElo "2445"]
[BlackElo "2606"]
[EventDate "2017.11.13"]
[PlyCount "98"]

1.e4 e5 2.Nf3 Nc6 3.Bb5 a6 4.Ba4 Nf6 5.d3 b5 6.Bb3 Bc5 7.Nc3 d6 8.Nd5 h6 
9.c3 Rb8 10.O-O O-O 11.Nxf6+ Qxf6 12.h3 Ne7 13.Be3 Ng6 14.Kh1 Nf4 15.Bc2 
Bb6 16.b4 Rd8 17.a4 c5 18.axb5 axb5 19.Rb1 Bd7 20.Ng1 cxb4 21.cxb4 d5 22.
Qf3 Be6 23.Rfd1 Rdc8 24.Bb3 dxe4 25.dxe4 Rc3 26.Bxe6 Qxe6 27.Ne2 Nxe2 28.
Qxe2 Bxe3 29.fxe3 Qg6 30.Qf3 Rb6 31.Rd8+ Kh7 32.Rd5 Rf6 33.Qg4 Qxg4 34.
hxg4 Rg6 35.Rxe5 Rxg4 36.Rxb5 Rc2 37.Rc5 Re2 38.Rc3 Rgxg2 39.Rcb3 h5 40.e5
g5 41.e4 g4 42.Re3 Ref2 43.b5 h4 44.e6 h3 45.Rg3 Rxg3 46.e7 Rgg2 47.e8=Q 
Rh2+ 48.Kg1 Rfg2+ 49.Kf1 Rh1# 0-1

[Event "56th World U20 ch"]
[Site "Tarvisio ITA"]
[Date "2017.11.15"]
[Round "3.14"]
[White "Tari, Aryan"]
[Black "Petrov, Martin"]
[Result "1-0"]
[WhiteElo "2581"]
[BlackElo "2431"]
[EventDate "2017.11.13"]
[PlyCount "71"]

1.e4 c5 2.Nf3 d6 3.Nc3 Nf6 4.e5 dxe5 5.Nxe5 Nbd7 6.d4 e6 7.Bb5 a6 8.Bxd7+ 
Nxd7 9.Qh5 Nxe5 10.dxe5 Bd7 11.Bg5 Qc7 12.O-O-O Bc6 13.f4 Be7 14.Bxe7 Qxe7
15.Rd6 O-O 16.Rhd1 Rad8 17.g3 Qc7 18.Qe2 Rxd6 19.exd6 Qd7 20.Qe3 Rc8 21.
Rd2 b6 22.g4 Bb7 23.g5 b5 24.Qe5 c4 25.a3 Rd8 26.h4 Bf3 27.Ne4 Qc6 28.Ng3 
Qb6 29.Rd4 Kf8 30.h5 Bd5 31.Nf5 exf5 32.Qe7+ Kg8 33.Rxd5 Qb8 34.Re5 f6 35.
gxf6 gxf6 36.h6 1-0

[Event "56th World U20 ch"]
[Site "Tarvisio ITA"]
[Date "2017.11.15"]
[Round "3.15"]
[White "Donchenko, Alexander"]
[Black "Liu Yan"]
[Result "1/2-1/2"]
[WhiteElo "2567"]
[BlackElo "2422"]
[EventDate "2017.11.13"]
[PlyCount "59"]

1.c4 e5 2.g3 Nf6 3.Bg2 Nc6 4.Nc3 Bb4 5.Nd5 a5 6.e3 d6 7.Ne2 Nxd5 8.cxd5 
Ne7 9.O-O Bd7 10.b3 O-O 11.Bb2 a4 12.a3 Bc5 13.d4 exd4 14.b4 Bb6 15.Nxd4 
Nf5 16.Nc2 Qg5 17.Qd3 Nh6 18.Nd4 Rae8 19.h3 Nf5 20.Nc2 h5 21.Kh2 Bxe3 22.
Nxe3 Nxe3 23.fxe3 Rxe3 24.Qd4 Qxg3+ 25.Kh1 Bxh3 26.Rg1 Bf5 27.Rgf1 Bh3 28.
Rg1 Bf5 29.Rgf1 Bh3 30.Rg1 $11 1/2-1/2

[Event "56th World U20 ch"]
[Site "Tarvisio ITA"]
[Date "2017.11.15"]
[Round "3.16"]
[White "Zhu Yi"]
[Black "Liang, Awonder"]
[Result "0-1"]
[WhiteElo "2432"]
[BlackElo "2558"]
[EventDate "2017.11.13"]
[PlyCount "74"]

1.Nf3 Nf6 2.g3 b6 3.Bg2 Bb7 4.c4 g6 5.d4 Bg7 6.Nc3 Ne4 7.Bd2 e6 8.Rc1 O-O 
9.d5 Nxd2 10.Qxd2 exd5 11.cxd5 c5 12.d6 Qf6 13.O-O Nc6 14.Ng5 h6 15.Nge4 
Qe6 16.Nd5 Rab8 17.e3 Kh7 18.b3 Ne5 19.Nec3 Qxd6 20.f4 Ng4 21.Nb5 Qc6 22.
Qe2 f5 23.h3 Nf6 24.Nxf6+ Qxf6 25.Rcd1 Qe7 26.Nxa7 d5 27.Nb5 Rbd8 28.Rfe1 
Rfe8 29.a4 d4 30.Na3 Bxg2 31.Qxg2 dxe3 32.Rxd8 Qxd8 33.Qc2 Qd4 34.Re2 Qa1+
35.Nb1 Re4 36.Kg2 Qd4 37.Kg1 g5 0-1